MIG/MAG spájkovanie tenkých pozinkovaných plechov

Enregistré dans:
Détails bibliographiques
Auteur principal: Sejč, Pavol (Auteur)
Format: Livre
Langue:slovaque
Publié: STU v Bratislave, 2003
Tags: Ajouter un tag
Pas de tags, Soyez le premier à ajouter un tag!

MARC

LEADER 00000nam a22000003a 4500
001 stu95628
005 20220321181417.6
008 050920s2003----xo------------------slo-d
040 |a STU  |b slo 
041 0 |a slo 
044 |a xo 
080 |a 621.791.037  |7 stu_us_auth*stu17447 
080 |a 621.791.754 
100 1 |a Sejč, Pavol  |4 aut 
245 1 |a MIG/MAG spájkovanie tenkých pozinkovaných plechov 
260 |b STU v Bratislave,  |c 2003 
300 |a 70 s 
996 |b 284J027528  |c J*104509  |l JJST  |s P  |a 0  |w stu95628_0001